Cristo campesino : ¡Del rancho surge la unión... fe cristiana y revolución! /
Organo de difusión de la participación política de las comunidades cristianas de campesinos en Nicaragua después del triunfo de la Revolución, editado por el Centro de Educación y Promoción Agraria. Este número recoge los resultados de la reunión que tuvo lugar en Managua el 24 de agosto de 1980 con...
I tiakina i:
| Kaituhi rangatōpū: | |
|---|---|
| Hōputu: | Mauhanga Hui Pukapuka |
| Reo: | Pāniora |
| Ngā marau: | |
| Ngā Tūtohu: |
Kāore He Tūtohu, Me noho koe te mea tuatahi ki te tūtohu i tēnei pūkete!
|
MARC
| LEADER | 00000nam^a2200000^a^4500 | ||
|---|---|---|---|
| 001 | 000393556 | ||
| 005 | 20250526000000.0 | ||
| 009 | 20260310121312.614 | ||
| 037 | |a Acervo ITESO - Biblioteca | ||
| 041 | |a ESP | ||
| 082 | |a 261. 7 |b CAM V. 5 | ||
| 111 | |a Reunión La participación de los campesinos cristianos en la guerra de liberación y su compromiso con la revolución ( |d 1980 , |c Managua, Nicaragua) | ||
| 240 | 1 | 1 | |a [Cristo campesino] |
| 245 | 1 | 0 | |a Cristo campesino : |b ¡Del rancho surge la unión... fe cristiana y revolución! / |
| 264 | |a Managua, Nicaragua : |b Centro de Educación y Promoción Agraria, |c 1980 | ||
| 300 | |a 25 p. ; |c 21.5 cm. | ||
| 520 | |a Organo de difusión de la participación política de las comunidades cristianas de campesinos en Nicaragua después del triunfo de la Revolución, editado por el Centro de Educación y Promoción Agraria. Este número recoge los resultados de la reunión que tuvo lugar en Managua el 24 de agosto de 1980 con el tema La participación de los campesinos cristianos en la guerra de liberación y su compromiso con la revolución. | ||
| 649 | |a XX | ||
| 650 | |a Participación Política - |z Nicaragua - |x Tema Principal | ||
| 650 | |a Revolución - |z Nicaragua | ||
| 650 | |a Cristianismo y Política - |x Tema Principal | ||
| 650 | |a Política y Religión | ||
| 650 | |a Publicaciones Periódicas Nicaragüenses | ||
| 650 | |a Nicaragua - |x Historia - |y Régimen Sandinista, 1979-1990 | ||
| 910 | |a Fondo Carlos Núñez Hurtado | ||
| 920 | |a Impresos - Libros | ||
| 930 | |a Libros Antiguos y Raros | ||
| 905 | |a 108 | ||
| 901 | |a 0500288628 |b IT2 |c LRA |i D81098 |u 20250526 | ||
| 902 | |a https://opac.biblio.iteso.mx/vufind/Record/000393556 | ||